Sports Quiz

Random Sports or Decade Quiz
Score 0/119 Timer 10:00
0 Plays Today
Team / Decade Quarterback % Correct
Chargers '00Philip Rivers - 68
100%
49ers '80Joe Montana - 135
97.6%
Broncos '90John Elway - 134
96.8%
Broncos '80John Elway - 100
96.8%
Cardinals '00Kurt Warner - 61
96.8%
Rams '00Kurt Warner - 26
96.8%
Chargers '80Dan Fouts - 101
95.2%
Chargers '70Dan Fouts - 80
95.2%
49ers '90Steve Young - 121
94.4%
49ers '80Steve Young - 29
94.4%
Broncos '00Jake Plummer - 59
93.6%
Cardinals '00Jake Plummer - 46
93.6%
Cardinals '90Jake Plummer - 38
93.6%
Raiders '00Rich Gannon - 58
92.8%
Chiefs '00Trent Green - 88
92%
Seahawks '00Matt Hasselbeck - 124
92%
49ers '00Alex Smith - 43
90.4%
49ers '00Jeff Garcia - 61
88%
Chargers '00Drew Brees - 59
84%
Raiders '70Ken Stabler - 130
84%
Rams '00Marc Bulger - 96
84%
Raiders '80Jim Plunkett - 66
83.2%
Chiefs '70Len Dawson - 76
80.8%
Chiefs '60Len Dawson - 107
80.8%
Raiders '00JaMarcus Russell - 31
79.2%
Rams '90Jim Everett - 58
78.4%
Rams '80Jim Everett - 49
78.4%
Seahawks '90Dave Krieg - 26
78.4%
Seahawks '80Dave Krieg - 102
78.4%
Chargers '90Stan Humphries - 79
77.6%
Broncos '00Jay Cutler - 37
72.8%
Cardinals '80Neil Lomax - 108
72%
Raiders '80Marc Wilson - 96
69.6%
Chiefs '60Eddie Wilson - 42
69.6%
Seahawks '80Jim Zorn - 70
69.6%
Seahawks '70Jim Zorn - 56
69.6%
Broncos '70Charley Johnson - 54
67.2%
Cardinals '60Charley Johnson - 87
67.2%
Broncos '80Steve DeBerg - 33
66.4%
Chiefs '90Steve DeBerg - 32
66.4%
Team / Decade Quarterback % Correct
Raiders '60Daryle Lamonica - 41
65.6%
Broncos '00Brian Griese - 38
63.2%
Cardinals '80Jim Hart - 34
63.2%
Cardinals '70Jim Hart - 128
63.2%
Cardinals '60Jim Hart - 37
63.2%
Chargers '70John Hadl - 42
62.4%
Chargers '60John Hadl - 112
62.4%
49ers '70John Brodie - 48
62.4%
49ers '60John Brodie - 124
62.4%
Chiefs '90Elvis Grbac - 34
58.4%
49ers '90Elvis Grbac - 42
58.4%
Seahawks '00Seneca Wallace - 48
57.6%
Rams '70Roman Gabriel - 42
54.4%
Rams '60Roman Gabriel - 88
54.4%
Chargers '00Doug Flutie - 26
53.6%
Rams '80Vince Ferragamo - 42
51.2%
Seahawks '90Rick Mirer - 55
50.4%
Raiders '90Jay Schroeder - 44
48.8%
Raiders '80Jay Schroeder - 20
48.8%
Raiders '90Jeff Hostetler - 55
46.4%
Raiders '70George Blanda - 84
46.4%
Chiefs '90Steve Bono - 36
45.6%
Chiefs '80Bill Kenney - 106
45.6%
49ers '90Steve Bono - 33
45.6%
Seahawks '90Warren Moon - 25
41.6%
Chiefs '00Tyler Thigpen - 16
38.4%
Raiders '00Kerry Collins - 29
36.8%
Chiefs '00Brodie Croyle - 16
36.8%
Chiefs '00Damon Huard - 26
35.2%
Rams '70Pat Haden - 48
33.6%
Rams '90Tony Banks - 34
32%
49ers '00Tim Rattay - 32
31.2%
Chiefs '80Todd Blackledge - 40
29.6%
Raiders '80Steve Beuerlein - 20
28.8%
Cardinals '90Steve Beuerlein - 25
28.8%
Raiders '90Vince Evans - 40
28%
Broncos '90Gary Kubiak - 32
28%
Broncos '80Gary Kubiak - 87
28%
Broncos '90Tommy Maddox - 29
26.4%
Chargers '70James Harris - 26
25.6%
Team / Decade Quarterback % Correct
Rams '70James Harris - 39
25.6%
Seahawks '00Trent Dilfer - 22
25.6%
Cardinals '90Tom Tupa - 26
22.4%
Raiders '60Tom Flores - 84
21.6%
Cardinals '00Josh McCown - 33
21.6%
Seahawks '80Jeff Kemp - 33
20.8%
49ers '70Steve Spurrier - 58
18.4%
Chiefs '70Mike Livingston - 81
17.6%
Chargers '90John Friesz - 29
16%
Broncos '60Frank Tripucka - 44
13.6%
Chargers '60Tobin Rote - 28
12%
49ers '60Billy Kilmer - 39
12%
Rams '00Jamie Martin - 19
12%
Rams '60Frank Ryan - 25
8.8%
Broncos '70Steve Ramsey - 53
7.2%
Chiefs '80Steve Fuller - 36
7.2%
Rams '90Mike Pagel - 39
7.2%
Chiefs '60Pete Beathard - 43
5.6%
49ers '80Matt Cavanaugh - 29
5.6%
Cardinals '70Pete Beathard - 13
5.6%
Raiders '70David Humm - 67
3.2%
Raiders '60Cotton Davidson - 58
3.2%
Broncos '70Norris Weese - 57
3.2%
Chiefs '70Tony Adams - 50
2.4%
Rams '80Steve Dils - 52
2.4%
Chargers '90Gale Gilbert - 31
1.6%
Chargers '80Ed Luther - 61
1.6%
Cardinals '80Cliff Stoudt - 33
1.6%
Chargers '80Mark Herrmann - 18
0.8%
49ers '70Soctt Bull - 36
0.8%
49ers '60George Mira - 47
0.8%
Cardinals '60Sam Etcheverry - 28
0.8%
Rams '60Bill Munson - 31
0.8%
Seahawks '70Bill Munson - 5
0.8%
Chargers '60Bob Laraba - 28
0%
Broncos '60Mickey Slaughter - 40
0%
Broncos '60John McCormick - 38
0%
Cardinals '70Gary Keithley - 14
0%
Seahawks '70Steve Myer - 12
0%
Remove Ads.
Support Sporcle.
Get the best of Sporcle when you Go Orange. This ad-free experience offers more features, more stats, and more fun while also helping to support Sporcle. Thank you for becoming a member.

You're not logged in!

Compare scores with friends on all Sporcle quizzes.
OR
Log In

Show Comments

Extras

Top Quizzes Today


Score Distribution

Your Account Isn't Verified!

In order to create a playlist on Sporcle, you need to verify the email address you used during registration. Go to your Sporcle Settings to finish the process.

Report this User

Report this user for behavior that violates our Community Guidelines.

Details: